000 00718 a2200205 4500
999 _c1987
_d1987
020 _a9780078614880
050 _aHG179.KAP 2005
100 _a Kapoor, Jack R.,
_d1937-
245 _aGlencoe business and personal finance /
_cJack R. Kapoor et.. al
264 _aNew York, N.Y. :
_b Glencoe/McGraw-Hill,
_c ♭2005.
300 _axiv, 786 pages : color illustrations ; 26 cm
440 _a Business and personal finance
500 _alncludes index
650 _aFinance, Personal
_xStudy and teaching (Secondary)
650 _aBusiness enterprises -- Finance
_xStudy and teaching (Secondary)
700 _aLes R Dlabay
700 _aRobert J Hughes
700 _aWiliam B Hoyt
942 _2lcc
_cBK
_h179
_iKAP
_kHG